Focus! : (Record no. 70065)

MARC details
000 -LEADER
fixed length control field 01783nam a2200325 a 4500
003 - CONTROL NUMBER IDENTIFIER
control field PILC
005 - DATE AND TIME OF LATEST TRANSACTION
control field 20241030153328.0
008 - FIXED-LENGTH DATA ELEMENTS--GENERAL INFORMATION
fixed length control field 941222s1994 caua b 000 0 eng d
010 ## - LIBRARY OF CONGRESS CONTROL NUMBER
LC control number Acc#28330
020 ## - INTERNATIONAL STANDARD BOOK NUMBER
International Standard Book Number 0912552662
035 ## - SYSTEM CONTROL NUMBER
System control number (OCoLC)31732820
040 ## - CATALOGING SOURCE
Original cataloging agency OCoE
Transcribing agency Philippine Baptist Theological Seminary
Modifying agency KyWA
-- DLC
042 ## - AUTHENTICATION CODE
Authentication code lccopycat
050 00 - LIBRARY OF CONGRESS CALL NUMBER
Classification number BV 2061
Item number R533 1994
082 00 - DEWEY DECIMAL CLASSIFICATION NUMBER
Classification number 266/.001
Edition number 20
100 1# - MAIN ENTRY--PERSONAL NAME
Personal name Robb, John D.
245 10 - TITLE STATEMENT
Title Focus! :
Remainder of title the power of people group thinking : a practical manual for planning effective strategies to reach the unreached /
Statement of responsibility, etc. John D. Robb.
250 ## - EDITION STATEMENT
Edition statement New expanded ed.
260 ## - PUBLICATION, DISTRIBUTION, ETC (IMPRINT)
Place of publication, distribution, etc. Monrovia, Calif. :
Name of publisher, distributor, etc. MARC,
Date of publication, distribution, etc. c1994.
300 ## - PHYSICAL DESCRIPTION
Extent 167 p. :
Other physical details ill. ;
Dimensions 21 cm.
504 ## - BIBLIOGRAPHY, ETC. NOTE
Bibliography, etc Bibliography: p. [159]-164.
505 ## - FORMATTED CONTENTS NOTE
Formatted contents note 1 Focusing to reach unreached people groups<br/>What is a "people group"?<br/>What is "people group thinking"?<br/>Some advantages to this approach<br/>Research and people groups<br/>Planning a strategy that works<br/><br/>2 Practical procedures for people group thinking<br/>Surveying documents and experts<br/>The participatory evaluation process<br/>The ethnographic approach<br/>Sharing the results of your research<br/><br/>3 Releasing God's power through prayer<br/>Prayer releases God's power for mission to the unreached<br/>Nine compelling reasons to pray<br/>The challenge of linking the global prayer movement with frontier missions<br/><br/>4 Networking the whole church<br/>Networks link Christian workers for outreach<br/>What is networking?<br/>Getting practical
650 #0 - SUBJECT ADDED ENTRY--TOPICAL TERM
Topical term or geographic name as entry element Missions
General subdivision Theory.
650 #0 - SUBJECT ADDED ENTRY--TOPICAL TERM
Topical term or geographic name as entry element Evangelistic work.
650 #0 - SUBJECT ADDED ENTRY--TOPICAL TERM
Topical term or geographic name as entry element Christianity and culture.
906 ## - LOCAL DATA ELEMENT F, LDF (RLIN)
a 7
b cbc
c copycat
d 3
e ncip
f 19
g y-gencatlg
942 ## - ADDED ENTRY ELEMENTS (KOHA)
Source of classification or shelving scheme Dewey Decimal Classification
Koha item type Circulation Books
Holdings
Withdrawn status Lost status Source of classification or shelving scheme Damaged status Not for loan Home library Current library Shelving location Date acquired Source of acquisition Total Checkouts Full call number Barcode Date last seen Date last checked out Price effective from Koha item type
    Dewey Decimal Classification     PBTS Library PBTS Library Circulation Section 10/13/2016 Gift 1 BV 2061 R533 1994 28330 03/18/2026 09/29/2023 10/13/2016 Circulation Books

Philippine Baptist Theological Seminary | 19 Tacay Road, Central Guisad, Baguio City 2600, Philippines